Investigación flujos migratorios laborales intrarregionales: situación actual, retos y oportunidades en Centroamérica y República Dominicana
Guardado en:
| 格式: | 未知 |
|---|---|
| 語言: | Spanish |
| 出版: |
Costa Rica :
OIM ; OIT ; CECC/SICA
|
| 標簽: |
添加標簽
沒有標簽, 成為第一個標記此記錄!
|
MARC
| LEADER | 00000 a2200000 04500 | ||
|---|---|---|---|
| 001 | 44865 | ||
| 003 | |||
| 008 | 050703s2011 cr spa d | ||
| 040 | |a CRAI/IIS |c CRAI/IIS | ||
| 020 | |a 978-9968-542-33-3 | ||
| 022 | |a 978-9968-542-33-3 | ||
| 090 | |a 1001 F646h | ||
| 245 | |a Investigación flujos migratorios laborales intrarregionales: |b situación actual, retos y oportunidades en Centroamérica y República Dominicana | ||
| 246 | |a Informe de Honduras | ||
| 260 | |a Costa Rica : |b OIM ; OIT ; CECC/SICA | ||
| 300 | |a 104 páginas : |b tablas, gráficos + |e 1 disco compacto | ||
| 999 | |c 4442 |d 4442 | ||



